| 000 -CABECERA |
| fixed length control field |
00827nam a22002297a 4500 |
| 003 - IDENTIFICADOR DEL NÚMERO DE CONTROL |
| control field |
AR-CdUCM |
| 008 - DATOS DE LONGITUD FIJA--INFORMACIÓN GENERAL |
| fixed length control field |
190405b ||||| |||| 00| 0 spa d |
| 040 ## - FUENTE DE LA CATALOGACIÓN |
| Agencia/entidad que catalogó originalmente la obra |
MUNICIPALIDAD PROVINCIAL DEL CUSCO |
| Entidad que transcribió la catalogación |
BIBLIOTECA MUNICIPAL DEL CUSCO |
| 082 ## - NÚMERO DE LA CLASIFICACIÓN DECIMAL DEWEY |
| No. de Clasificación |
780.94 / |
| Notacion interna |
M44 |
| 100 ## - ENTRADA PRINCIPAL--NOMBRE DE PERSONA |
| Nombre Personal |
Mauclair, Camille |
| 245 ## - MENCIÓN DE TÍTULO |
| Título |
Historia de la música moderna 1850-1914 : |
| Resto del título |
Los hombre - las ideas - las obras / |
| 260 ## - PUBLICACIÓN, DISTRIBUCIÓN, ETC. |
| Lugar de publicación, distribución, etc. |
Barcelona : |
| Nombre de la editorial, distribuidor, etc. |
Talleres graficos de la S.G., |
| 300 ## - DESCRIPCIÓN FÍSICA |
| Nº de Páginas Extensión |
246 páginas ; |
| Dimensiones |
21 cm. |
| 505 ## - NOTA DE CONTENIDO CON FORMATO |
| Nota de contenido formateada |
Contenido: La música alemana -- La música francesa -- la música austrohúngara -- La música rusa |
| 650 ## - PUNTO DE ACCESO ADICIONAL DE MATERIA--TÉRMINO DE MATERIA |
| Descriptor |
Música |
| 9 (RLIN) |
1443 |
| 650 ## - PUNTO DE ACCESO ADICIONAL DE MATERIA--TÉRMINO DE MATERIA |
| Descriptor |
Siglo XX |
| 9 (RLIN) |
8 |
| 650 ## - PUNTO DE ACCESO ADICIONAL DE MATERIA--TÉRMINO DE MATERIA |
| Descriptor |
Historia y crítica |
| 9 (RLIN) |
5993 |
| 700 ## - PUNTO DE ACCESO ADICIONAL--NOMBRE DE PERSONA |
| Nombre Personal |
Borras, Jose M. (traductor) |
| 9 (RLIN) |
29604 |
| 942 ## - ELEMENTOS DE PUNTO DE ACCESO ADICIONAL (KOHA) |
| Fuente de clasificación |
|
| Tipo de item |
Libros-BMC |
| 945 ## - PROCESAMIENTO DE INFORMACIÓN LOCAL (OCLC) |
| Catalogador |
wnts |
| AAAA-MM-DD - Fecha de ingreso o modificacion |
2019-05-10 |